00371 a2200109 4500001001000000005001700010008004100027245008700068100002100155773006800176999001700244ART_5114720260410161810.0260409a 10aLa IGJ expande su competencia (¿solo?) registral sobre el contrato de fideicomiso1 aPapa, Rodolfo G.0 tDoctrina Societaria y Concursalg- N° 394 (sep. 2020)wREV4298 c21387d21387